| 000 | 00608nam a22001937a 4500 | ||
|---|---|---|---|
| 005 | 20230918155113.0 | ||
| 010 | _aENG-138124 | ||
| 020 |
_a9789357059602 _c649.00 |
||
| 035 | _aEN-121656 | ||
| 037 | _bDBAD/PUB | ||
| 082 | _a657 | ||
| 100 |
_aDhamija, Sanjay _956878 |
||
| 245 |
_aFinancial Accounting For Managers / _cBy Sanjay Dhamija |
||
| 260 |
_aUttar Pradesh _bPearson India Education Services Pvt.Ltd. _c2023 |
||
| 270 |
_a1st Floor, Berger Tower, Plot No. C-001A/2, Sector 16B _bNoida _e201301 |
||
| 300 |
_a515 p. _c24cm(pbk) |
||
| 700 | _956652 | ||
| 942 |
_2ddc _cEN _h657 _mDHA |
||
| 999 |
_c198318 _d198318 |
||